مكتبة جامعة عجلون الوطنية

فهرس بحث المكتبة

ابتكارات العرب في الفنون وأثرها في الفن الأوروبي في القرون الوسطى (Record no. 8455)

MARC details
000 -LEADER
fixed length control field 00876nam a2200229Ii 4500
003 - CONTROL NUMBER IDENTIFIER
control field JO-AjNU
008 - FIXED-LENGTH DATA ELEMENTS--GENERAL INFORMATION
fixed length control field 230605s9999||||xx |||||||||||||| ||und||
017 ## - COPYRIGHT OR LEGAL DEPOSIT NUMBER
Copyright or legal deposit number 1996/6/709
020 ## - INTERNATIONAL STANDARD BOOK NUMBER
International Standard Book Number 9957-06-008-2
040 ## - CATALOGING SOURCE
Original cataloging agency JO-AjNU
Language of cataloging ara
Description conventions rda
Transcribing agency JO-AjNU
041 ## - LANGUAGE CODE
Language code of text/sound track or separate title ara
050 14 - LIBRARY OF CONGRESS CALL NUMBER
Classification number N6260 .J8288 1999
100 3# - MAIN ENTRY--PERSONAL NAME
Personal name جودي، محمد حسين تأليف ,
Relator term author
9 (RLIN) 16462
245 00 - TITLE STATEMENT
Title ابتكارات العرب في الفنون وأثرها في الفن الأوروبي في القرون الوسطى
250 ## - EDITION STATEMENT
Edition statement ط2
264 31 - PRODUCTION, PUBLICATION, DISTRIBUTION, MANUFACTURE, AND COPYRIGHT NOTICE
Place of production, publication, distribution, manufacture عمان:دار المسيرة للنشر والتوزيع،1999
300 ## - PHYSICAL DESCRIPTION
Extent 96ص
336 ## - CONTENT TYPE
Content type term text
Content type code txt
Source rdacontent
337 ## - MEDIA TYPE
Media type term unmediated
Media type code n
Source rdamedia
338 ## - CARRIER TYPE
Carrier type term volume
Carrier type code nc
Source rdacarrier
650 #4 - SUBJECT ADDED ENTRY--TOPICAL TERM
Topical term or geographic name entry element الفنون-الابتكارات-الفن الإسلامي - تاريخ-الفن - عصر النهضة، 1450-1600
9 (RLIN) 16463
Holdings
Withdrawn status Lost status Source of classification or shelving scheme Damaged status Not for loan Home library Current library Shelving location Date acquired Total Checkouts Full call number Barcode Date last seen Price effective from Koha item type
    Library of Congress Classification     مكتبة جامعة عجلون الوطنية مكتبة جامعة عجلون الوطنية المجموعات العامة 06/06/2023   N6260 .J8288 1999 A4887 06/06/2023 06/06/2023 Books